Introduction to Computer Science (Record no. 189)

MARC details
000 -LEADER
Fixed length control field 00525nam a2200181 4500
003 - CONTROL NUMBER IDENTIFIER
Control field SEACOMEC
005 - DATE AND TIME OF LATEST TRANSACTION
Control field 20240417123433.0
008 - FIXED-LENGTH DATA ELEMENTS--GENERAL INFORMATION
Fixed length control field 231007b |||||||| |||| 00| 0 eng d
020 ## - INTERNATIONAL STANDARD BOOK NUMBER / ISBN
Price Rs. 195.00
International Standard Book Number 978-8131760307
040 ## - CATALOGING SOURCE
Original cataloging agency SEACOMEC
082 ## - DEWEY DECIMAL CLASSIFICATION NUMBER
Classification number 004.2
Book Number I61
100 1# - MAIN ENTRY--PERSONAL NAME
Personal name ITL Education
245 1# - TITLE STATEMENT
Title Introduction to Computer Science
Statement of responsibility ITL Education
260 ## - IMPRINT
Place of publication Delhi
Name of publisher Pearson
Date of publication 2005
650 ## - SUBJECT ADDED ENTRY--TOPICAL TERM
Topical term Computer science
650 ## - SUBJECT ADDED ENTRY--TOPICAL TERM
Topical term Systems analysis and design, computer architecture, performance evaluation
942 ## - ADDED ENTRY ELEMENTS (KOHA)
Koha item type Books
Holdings
Withdrawn status Lost status Source of classification Damaged status Not for loan Home library Current library Date acquired Total Checkouts Call number Accession number Date last seen Price effective from Koha item type
    Dewey Decimal Classification     SEACOM ENGINEERING COLLEGE SEACOM ENGINEERING COLLEGE 04/08/2006   004.2 I61 5157 17/04/2024 17/04/2024 Books
© Seacom Engineering College, All rights reserved.      Powered by Koha